<?xml version="1.0" encoding="UTF-8"?>
<record
    xmlns:xsi="http://www.w3.org/2001/XMLSchema-instance"
    xsi:schemaLocation="http://www.loc.gov/MARC21/slim http://www.loc.gov/standards/marcxml/schema/MARC21slim.xsd"
    xmlns="http://www.loc.gov/MARC21/slim">

  <leader>00884nam a22001937a 4500</leader>
  <controlfield tag="008">110828s2001    ua||||| |||| 00| 0 ara d</controlfield>
  <datafield tag="020" ind1=" " ind2=" ">
    <subfield code="a">9770170704</subfield>
  </datafield>
  <datafield tag="082" ind1=" " ind2=" ">
    <subfield code="2">22</subfield>
    <subfield code="a">297.12</subfield>
    <subfield code="b">&#x62A; &#x62C; &#x627;</subfield>
  </datafield>
  <datafield tag="100" ind1="1" ind2=" ">
    <subfield code="9">26953</subfield>
    <subfield code="a">&#x627;&#x644;&#x62A;&#x62C;&#x627;&#x646;&#x649; &#x60C; &#x635;&#x644;&#x627;&#x62D; &#x627;&#x644;&#x62F;&#x64A;&#x646;</subfield>
  </datafield>
  <datafield tag="245" ind1=" " ind2=" ">
    <subfield code="a">&#x627;&#x644;&#x646;&#x62C;&#x648;&#x645; &#x627;&#x644;&#x633;&#x627;&#x626;&#x631;&#x629; &#x641;&#x649; &#x627;&#x644;&#x642;&#x631;&#x627;&#x621;&#x627;&#x62A; &#x627;&#x644;&#x639;&#x634;&#x631; &#x627;&#x644;&#x645;&#x62A;&#x648;&#x627;&#x62A;&#x631;&#x629; / </subfield>
    <subfield code="c">&#x635;&#x644;&#x627;&#x62D; &#x627;&#x644;&#x62F;&#x64A;&#x646; &#x627;&#x644;&#x62A;&#x62C;&#x627;&#x646;&#x649;</subfield>
  </datafield>
  <datafield tag="260" ind1=" " ind2=" ">
    <subfield code="a">&#x627;&#x644;&#x642;&#x627;&#x647;&#x631;&#x629; :</subfield>
    <subfield code="b">&#x627;&#x644;&#x647;&#x64A;&#x626;&#x629; &#x627;&#x644;&#x645;&#x635;&#x631;&#x64A;&#x629; &#x627;&#x644;&#x639;&#x627;&#x645;&#x629; &#x644;&#x644;&#x643;&#x62A;&#x627;&#x628; &#x60C;</subfield>
    <subfield code="c">2001.</subfield>
  </datafield>
  <datafield tag="300" ind1=" " ind2=" ">
    <subfield code="a">577 &#x635; &#x61B;</subfield>
    <subfield code="c">24 &#x633;&#x645;.</subfield>
  </datafield>
  <datafield tag="490" ind1=" " ind2="0">
    <subfield code="9">16759</subfield>
    <subfield code="a">&#x627;&#x644;&#x62A;&#x631;&#x627;&#x62B; &#x61B;</subfield>
  </datafield>
  <datafield tag="650" ind1=" " ind2="0">
    <subfield code="9">26954</subfield>
    <subfield code="a">&#x642;&#x631;&#x622;&#x646;</subfield>
    <subfield code="x">&#x627;&#x644;&#x642;&#x631;&#x627;&#x621;&#x627;&#x62A; &#x627;&#x644;&#x639;&#x634;&#x631;</subfield>
  </datafield>
  <datafield tag="650" ind1=" " ind2="0">
    <subfield code="9">26468</subfield>
    <subfield code="a">&#x627;&#x644;&#x642;&#x631;&#x623;&#x646;</subfield>
    <subfield code="x">&#x62A;&#x62C;&#x648;&#x64A;&#x62F;</subfield>
  </datafield>
  <datafield tag="653" ind1=" " ind2=" ">
    <subfield code="b">General</subfield>
    <subfield code="c">August2011</subfield>
  </datafield>
  <datafield tag="942" ind1=" " ind2=" ">
    <subfield code="2">ddc</subfield>
    <subfield code="c">BB</subfield>
  </datafield>
  <datafield tag="999" ind1=" " ind2=" ">
    <subfield code="c">15934</subfield>
    <subfield code="d">15934</subfield>
  </datafield>
  <datafield tag="952" ind1=" " ind2=" ">
    <subfield code="0">0</subfield>
    <subfield code="1">0</subfield>
    <subfield code="2">ddc</subfield>
    <subfield code="4">0</subfield>
    <subfield code="7">0</subfield>
    <subfield code="8">Alef-Baa</subfield>
    <subfield code="a">MAIN</subfield>
    <subfield code="b">MAIN</subfield>
    <subfield code="c">LOW</subfield>
    <subfield code="d">2011-08-28</subfield>
    <subfield code="o">297.12 &#x62A; &#x62C; &#x627;</subfield>
    <subfield code="p">000024629</subfield>
    <subfield code="r">2025-07-15 00:00:00</subfield>
    <subfield code="y">BB</subfield>
  </datafield>
</record>
